书目信息 |
| 题名: |
建筑工程管理与实务
|
|
| 作者: | ;全国二级建造师执业资格考试用书编写委员会 编写 | |
| 分册: | ||
| 出版信息: | 北京 中国建筑工业出版社 2011.03 |
|
| 页数: | 290页 | |
| 开本: | 28cm | |
| 丛书名: | ||
| 单 册: | ||
| 中图分类: | TU71 | |
| 科图分类: | ||
| 主题词: | 建筑工程--施工管理 | |
| 电子资源: | ||
| ISBN: | 7-112-12916-8 | |
| 000 | 00827nam0 2200205 450 | |
| 001 | 1356576706 | |
| 005 | 20160620144822.57 | |
| 010 | @a7-112-12916-8@dCNY52.00 | |
| 100 | @a20131025d2011 km y0chiy0120 ea | |
| 101 | 0 | @achi |
| 102 | @aCN@b110000 | |
| 200 | 1 | @a建筑工程管理与实务@Ajian zhu gong cheng guan li yu shi wu@f全国二级建造师执业资格考试用书编写委员会编写@Fquan guo er ji jian zao shi zhi ye zi ge kao shi yong shu bian xie wei yuan hui bian xie |
| 205 | @a3版 | |
| 210 | @a北京@c中国建筑工业出版社@d2011.03 | |
| 215 | @a290页@d28cm | |
| 606 | 0 | @a建筑工程@x施工管理 |
| 690 | @aTU71@v4 | |
| 711 | 02 | @a全国二级建造师执业资格考试用书编写委员会@Aquan guo er ji jian zao shi zhi ye zi ge kao shi yong shu bian xie wei yuan hui@4编写 |
| 801 | 0 | @aCN@b大连网信软件有限公司图书馆·11@c20160620 |
| 905 | @aZUCC@dTU71@eQ8824=3 | |
| 建筑工程管理与实务/全国二级建造师执业资格考试用书编写委员会编写.-3版.-北京:中国建筑工业出版社,2011.03 |
| 290页;28cm |
| ISBN 7-112-12916-8:CNY52.00 |
| ● |
| 相关链接 |
|
|
|
正题名:建筑工程管理与实务
索取号:TU71/Q8824=3
 
预约/预借
| 序号 | 登录号 | 条形码 | 馆藏地/架位号 | 状态 | 备注 |
| 1 | 1238168 | 212381689 | 土木与交通工程学院资料室/土木与交通学院资料室 1排1列1层/ [索取号:TU71/Q8824=3] | 在馆 | |
| 2 | 491974 | 204919749 | 土木与交通工程学院资料室/土木与交通学院资料室 1排1列1层/ [索取号:TU71/Q8824=3] | 在馆 | |
| 3 | 491975 | 204919758 | 土木与交通工程学院资料室/土木与交通学院资料室 1排1列1层/ [索取号:TU71/Q8824=3] | 在馆 | |
| 4 | 497303 | 204973038 | 土木与交通工程学院资料室/土木与交通学院资料室 1排1列1层/ [索取号:TU71/Q8824=3] | 在馆 |